[Event "DSJ Weihnachtsturnier U20w 2020"]
[Site "https://play.chessbase.com/en/play?room=DSJWeihnachtU20w"]
[Date "2020.12.29"]
[Round "3"]
[White "Siegel, Irene"]
[Black "Müller, Riyanna"]
[Result "0-1"]
[Termination "normal"]
[Board "6.3"]
[WhiteElo "1212"]
[BlackElo "1364"]
[WhiteTeam "Schachgemeinschaft Porz"]
[BlackTeam "SC Landskrone"]
[PlyCount "84"]
[WhiteFideId "16284380"]
[BlackFideId "16287401"]
[EventRounds "7"]
[EventType "team-swiss"]
[EventDate "2020.12.29"]

1. e4 {[%emt 0:00:04]} e5 {[%emt 0:00:02]} 2. Nf3 {[%emt 0:00:02]} Nc6 { [%emt
0:00:02]} 3. d4 {[%emt 0:00:02]} exd4 {[%emt 0:00:02]} 4. Nxd4 {[%emt 0:
00:02]} Bc5 {[%emt 0:00:02]} 5. Be3 {[%emt 0:00:04]} Qf6 {[%emt 0:00:02]} 6. c3
{[%emt 0:00:02]} Nge7 {[%emt 0:00:08]} 7. Bc4 {[%emt 0:00:13]} O-O {[%emt 0:00:
05]} 8. O-O {[%emt 0:00:03]} a6 {[%emt 0:00:17]} 9. Nxc6 {[%emt 0:00:34]} Qxc6
{[%emt 0:00:07]} 10. Nd2 {[%emt 0:00:04]} Bxe3 {[%emt 0:00:05]} 11. fxe3 {
[%emt 0:00:03]} d5 {[%emt 0:00:08]} 12. exd5 {[%emt 0:00:36]} Nxd5 {[%emt 0:00:
08]} 13. Qf3 {[%emt 0:00:03]} Be6 {[%emt 0:00:21]} 14. e4 {[%emt 0:00:35]} Nb6
{[%emt 0:00:28]} 15. Bd3 {[%emt 0:00:08]} Rad8 {[%emt 0:00:10]} 16. Rad1 {
[%emt 0:00:08]} Rd7 {[%emt 0:00:33]} 17. h3 {[%emt 0:00:07]} h6 {[%emt 0:00:14]
} 18. Qg3 {[%emt 0:00:31]} Rfd8 {[%emt 0:00:20]} 19. Nb3 {[%emt 0:00:13]} Bxb3
{[%emt 0:00:11]} 20. axb3 {[%emt 0:00:03]} Qe6 {[%emt 0:00:14]} 21. Bc2 { [%emt
0:00:18]} Rxd1 {[%emt 0:00:12]} 22. Rxd1 {[%emt 0:00:03]} Rxd1+ {[%emt 0:
00:06]} 23. Bxd1 {[%emt 0:00:03]} Qxe4 {[%emt 0:00:41]} 24. Qxc7 {[%emt 0:00:
06]} Qe1+ {[%emt 0:00:12]} 25. Kh2 {[%emt 0:00:01]} Qxd1 {[%emt 0:00:29]} 26.
Qxb6 {[%emt 0:00:03]} Qd7 {[%emt 0:00:06]} 27. b4 {[%emt 0:00:38]} Qb5 { [%emt
0:00:37]} 28. Qxb5 {[%emt 0:00:24]} axb5 {[%emt 0:00:00]} 29. Kg3 { [%emt
0:00:02]} Kf8 {[%emt 0:00:01]} 30. Kf4 {[%emt 0:00:01]} Ke7 {[%emt 0:00: 01]}
31. Ke5 {[%emt 0:00:02]} f6+ {[%emt 0:00:04]} 32. Kd5 {[%emt 0:00:02]} g5
{[%emt 0:00:20]} 33. Kc5 {[%emt 0:00:02]} f5 {[%emt 0:00:04]} 34. Kxb5 { [%emt
0:00:02]} Kd7 {[%emt 0:00:01]} 35. Kb6 {[%emt 0:00:03]} Kc8 {[%emt 0:00: 01]}
36. c4 {[%emt 0:00:03]} h5 {[%emt 0:00:09]} 37. c5 {[%emt 0:00:03]} g4 { [%emt
0:00:08]} 38. c6 {[%emt 0:00:05]} bxc6 {[%emt 0:00:04]} 39. Kxc6 { [%emt
0:00:02]} gxh3 {[%emt 0:00:02]} 40. gxh3 {[%emt 0:00:02]} f4 {[%emt 0:00: 01]}
41. b5 {[%emt 0:00:02]} f3 {[%emt 0:00:01]} 42. b6 {[%emt 0:00:02]} f2 { [%emt
0:00:02]} 0-1

[Event "DSJ Weihnachtsturnier U20w 2020"]
[Site "https://play.chessbase.com/en/play?room=DSJWeihnachtU20w"]
[Date "2020.12.29"]
[Round "3"]
[White "Hartmann, Hannah"]
[Black "Göb, Franziska"]
[Result "0-1"]
[Termination "normal"]
[Board "6.4"]
[WhiteElo "1327"]
[BlackElo "900"]
[WhiteTeam "SC Landskrone"]
[BlackTeam "Schachgemeinschaft Porz"]
[PlyCount "56"]
[WhiteFideId "16235274"]
[BlackFideId "16293177"]
[EventRounds "7"]
[EventType "team-swiss"]
[EventDate "2020.12.29"]

1. e4 {[%emt 0:00:04]} e5 {[%emt 0:00:04]} 2. Nf3 {[%emt 0:00:02]} Nc6 { [%emt
0:00:03]} 3. Bc4 {[%emt 0:00:02]} Bc5 {[%emt 0:00:03]} 4. c3 {[%emt 0:00: 03]}
Nf6 {[%emt 0:00:03]} 5. d4 {[%emt 0:00:03]} exd4 {[%emt 0:00:06]} 6. cxd4
{[%emt 0:00:02]} Bb4+ {[%emt 0:00:03]} 7. Bd2 {[%emt 0:00:05]} Bxd2+ {[%emt 0:
00:03]} 8. Nbxd2 {[%emt 0:00:04]} O-O {[%emt 0:00:09]} 9. O-O {[%emt 0:00:09]}
d5 {[%emt 0:00:06]} 10. exd5 {[%emt 0:00:13]} Nxd5 {[%emt 0:00:03]} 11. Re1 {
[%emt 0:00:04]} Bg4 {[%emt 0:00:07]} 12. h3 {[%emt 0:00:04]} Bh5 {[%emt 0:00:
04]} 13. Qb3 {[%emt 0:00:27]} Nf6 {[%emt 0:00:09]} 14. Qxb7 {[%emt 0:00:09]}
Nxd4 {[%emt 0:00:18]} 15. b3 {[%emt 0:00:34]} Nc2 {[%emt 0:00:26]} 16. Qc6 {
[%emt 0:00:42]} Nxa1 {[%emt 0:00:26]} 17. Rxa1 {[%emt 0:00:05]} Bxf3 {[%emt 0:
00:07]} 18. Nxf3 {[%emt 0:00:11]} Qd6 {[%emt 0:00:24]} 19. Qxd6 {[%emt 0:00:12]
} cxd6 {[%emt 0:00:04]} 20. Rd1 {[%emt 0:00:03]} Rad8 {[%emt 0:00:05]} 21. Ng5
{[%emt 0:00:34]} h6 {[%emt 0:00:10]} 22. Nf3 {[%emt 0:00:07]} d5 {[%emt 0:00:
13]} 23. Bb5 {[%emt 0:00:12]} Ne4 {[%emt 0:00:26]} 24. Rd3 {[%emt 0:00:46]} Rd6
{[%emt 0:00:52]} 25. Nd4 {[%emt 0:00:35]} Rc8 {[%emt 0:00:40]} 26. Nf5 { [%emt
0:00:41]} Rc1+ {[%emt 0:00:33]} 27. Kh2 {[%emt 0:00:08]} Nxf2 {[%emt 0: 00:16]}
28. Rg3 {[%emt 0:00:42]} Rh1# {[%emt 0:00:25]} 0-1

[Event "DSJ Weihnachtsturnier U20w 2020"]
[Site "https://play.chessbase.com/en/play?room=DSJWeihnachtU20w"]
[Date "2020.12.29"]
[Round "3"]
[White "Zhou, Lepu Coco"]
[Black "Alferova, Emily"]
[Result "0-1"]
[Termination "normal"]
[Board "7.1"]
[WhiteElo "1882"]
[BlackElo "1365"]
[WhiteTeam "SC Weisse Dame"]
[BlackTeam "SC Garching 1980"]
[PlyCount "64"]
[WhiteFideId "16217136"]
[BlackFideId "16265904"]
[EventRounds "7"]
[EventType "team-swiss"]
[EventDate "2020.12.29"]

1. e4 {[%emt 0:00:04]} e5 {[%emt 0:00:08]} 2. Nf3 {[%emt 0:00:02]} Nc6 { [%emt
0:00:05]} 3. Bb5 {[%emt 0:00:10]} a6 {[%emt 0:00:08]} 4. Ba4 {[%emt 0:00: 03]}
Be7 {[%emt 0:00:05]} 5. O-O {[%emt 0:00:05]} Nf6 {[%emt 0:00:08]} 6. Qe2 {
[%emt 0:00:04]} b5 {[%emt 0:00:12]} 7. Bb3 {[%emt 0:00:05]} O-O {[%emt 0:00:06]
} 8. d4 {[%emt 0:00:02]} d6 {[%emt 0:00:28]} 9. c3 {[%emt 0:00:05]} Bd7 { [%emt
0:00:15]} 10. Rd1 {[%emt 0:00:03]} Re8 {[%emt 0:00:13]} 11. Nbd2 { [%emt
0:00:21]} exd4 {[%emt 0:00:13]} 12. cxd4 {[%emt 0:00:05]} Bf8 {[%emt 0: 00:15]}
13. e5 {[%emt 0:00:33]} dxe5 {[%emt 0:00:17]} 14. dxe5 {[%emt 0:00:08]} Bd6
{[%emt 0:00:24]} 15. Nf1 {[%emt 0:03:24]} Nxe5 {[%emt 0:00:13]} 16. Nxe5 {
[%emt 0:00:30]} Bxe5 {[%emt 0:00:32]} 17. Qd3 {[%emt 0:00:13]} c5 {[%emt 0:00:
38]} 18. Bc2 {[%emt 0:01:15]} c4 {[%emt 0:00:21]} 19. Qf3 {[%emt 0:00:35]} Qc7
{[%emt 0:00:41]} 20. Bf5 {[%emt 0:02:04]} Bc6 {[%emt 0:00:18]} 21. Qh3 { [%emt
0:00:05]} g6 {[%emt 0:01:13]} 22. Bc2 {[%emt 0:00:37]} h5 {[%emt 0:00:11] } 23.
Bg5 {[%emt 0:00:05]} Bxb2 {[%emt 0:00:13]} 24. Rab1 {[%emt 0:00:03]} Be5 {[%emt
0:00:07]} 25. f4 {[%emt 0:00:04]} Bxf4 {[%emt 0:00:30]} 26. Bxf6 { [%emt
0:00:01]} Re2 {[%emt 0:00:15]} 27. Bxg6 {[%emt 0:00:04]} Rxg2+ {[%emt 0:
00:11]} 28. Qxg2 {[%emt 0:00:03]} Bxg2 {[%emt 0:00:05]} 29. Bxh5 {[%emt 0:00:
01]} Bb7 {[%emt 0:00:12]} 30. Ng3 {[%emt 0:00:02]} Be3+ {[%emt 0:00:15]} 31.
Kf1 {[%emt 0:00:01]} Qf4+ {[%emt 0:00:08]} 32. Ke2 {[%emt 0:00:01]} Qf2# {
[%emt 0:00:06]} 0-1

[Event "DSJ Weihnachtsturnier U20w 2020"]
[Site "https://play.chessbase.com/en/play?room=DSJWeihnachtU20w"]
[Date "2020.12.29"]
[Round "3"]
[White "Frowein, Katja"]
[Black "Fayngold, Sophie"]
[Result "0-1"]
[Termination "normal"]
[Board "7.2"]
[WhiteElo "1377"]
[BlackElo "1222"]
[WhiteTeam "SC Garching 1980"]
[BlackTeam "SC Weisse Dame"]
[PlyCount "142"]
[WhiteFideId "16282949"]
[BlackFideId "16244761"]
[EventRounds "7"]
[EventType "team-swiss"]
[EventDate "2020.12.29"]

1. e4 {[%emt 0:00:05]} e5 {[%emt 0:00:03]} 2. Nf3 {[%emt 0:00:01]} Nc6 { [%emt
0:00:02]} 3. d4 {[%emt 0:00:01]} exd4 {[%emt 0:00:01]} 4. Nxd4 {[%emt 0:
00:01]} Bc5 {[%emt 0:00:01]} 5. Nxc6 {[%emt 0:00:02]} dxc6 {[%emt 0:00:04]} 6.
Qxd8+ {[%emt 0:00:02]} Kxd8 {[%emt 0:00:01]} 7. Bc4 {[%emt 0:00:04]} Ke7 {
[%emt 0:00:07]} 8. Nc3 {[%emt 0:00:06]} Nf6 {[%emt 0:00:03]} 9. Bg5 {[%emt 0:
00:03]} h6 {[%emt 0:00:07]} 10. Bxf6+ {[%emt 0:00:02]} Kxf6 {[%emt 0:00:03]}
11. O-O-O {[%emt 0:00:11]} Be6 {[%emt 0:00:09]} 12. Bxe6 {[%emt 0:00:07]} Kxe6
{[%emt 0:00:02]} 13. f4 {[%emt 0:00:04]} Be3+ {[%emt 0:00:10]} 14. Kb1 { [%emt
0:00:06]} Bxf4 {[%emt 0:00:03]} 15. g3 {[%emt 0:00:03]} Bd6 {[%emt 0:00: 08]}
16. Rhf1 {[%emt 0:00:07]} Rhe8 {[%emt 0:00:09]} 17. a3 {[%emt 0:00:14]} Ke7
{[%emt 0:00:03]} 18. Rfe1 {[%emt 0:00:11]} Kf8 {[%emt 0:00:03]} 19. Rd2 { [%emt
0:00:16]} Rad8 {[%emt 0:00:02]} 20. Rf2 {[%emt 0:00:06]} Kg8 {[%emt 0:00: 06]}
21. Ref1 {[%emt 0:00:05]} Re7 {[%emt 0:00:07]} 22. g4 {[%emt 0:00:08]} Be5
{[%emt 0:00:04]} 23. h4 {[%emt 0:00:20]} Bxc3 {[%emt 0:00:05]} 24. bxc3 { [%emt
0:00:02]} Rf8 {[%emt 0:00:06]} 25. Re2 {[%emt 0:00:06]} Rfe8 {[%emt 0:00: 12]}
26. Ref2 {[%emt 0:00:05]} f6 {[%emt 0:00:20]} 27. Rd2 {[%emt 0:00:23]} Rxe4
{[%emt 0:00:18]} 28. Rd7 {[%emt 0:00:03]} R4e7 {[%emt 0:00:13]} 29. Rfd1 {
[%emt 0:00:16]} Kf8 {[%emt 0:00:22]} 30. R7d4 {[%emt 0:00:15]} Re4 {[%emt 0:00:
16]} 31. Rd7 {[%emt 0:00:04]} R4e7 {[%emt 0:00:08]} 32. R7d4 {[%emt 0:00:02]}
Re1 {[%emt 0:00:02]} 33. Kc1 {[%emt 0:00:10]} Rxd1+ {[%emt 0:00:08]} 34. Kxd1 {
[%emt 0:00:02]} Ke7 {[%emt 0:00:04]} 35. Rb4 {[%emt 0:00:04]} b6 {[%emt 0:00:
14]} 36. Rc4 {[%emt 0:00:11]} c5 {[%emt 0:00:05]} 37. Ra4 {[%emt 0:00:03]} a5 {
[%emt 0:00:03]} 38. Rf4 {[%emt 0:00:13]} Rd8+ {[%emt 0:00:02]} 39. Ke2 { [%emt
0:00:03]} Ke6 {[%emt 0:00:10]} 40. c4 {[%emt 0:00:07]} Rd4 {[%emt 0:00: 11]}
41. Ke3 {[%emt 0:00:09]} Rxf4 {[%emt 0:00:16]} 42. Kxf4 {[%emt 0:00:02]
Garchin1-002 offers a draw} g6 {[%emt 0:00:26]} 43. g5 {[%emt 0:00:15]} hxg5+ {
[%emt 0:00:08]} 44. hxg5 {[%emt 0:00:03]} fxg5+ {[%emt 0:00:01]} 45. Kxg5 {
[%emt 0:00:02]} Ke5 {[%emt 0:00:05]} 46. Kxg6 {[%emt 0:00:01]} Kd4 {[%emt 0:00:
01]} 47. Kf6 {[%emt 0:00:02]} Kxc4 {[%emt 0:00:01]} 48. Ke6 {[%emt 0:00:01]}
Kc3 {[%emt 0:00:09]} 49. Kd7 {[%emt 0:00:04]} Kxc2 {[%emt 0:00:03]} 50. Kxc7 {
[%emt 0:00:02]} Kb3 {[%emt 0:00:01]} 51. Kxb6 {[%emt 0:00:02]} Kxa3 {[%emt 0:
00:08]} 52. Kxc5 {[%emt 0:00:02]} Kb3 {[%emt 0:00:03]} 53. Kd4 {[%emt 0:00:03]}
a4 {[%emt 0:00:01]} 54. Kd3 {[%emt 0:00:01]} a3 {[%emt 0:00:02]} 55. Kd2 {
[%emt 0:00:01]} Kb2 {[%emt 0:00:01]} 56. Kd3 {[%emt 0:00:02]} a2 {[%emt 0:00:
01]} 57. Kc4 {[%emt 0:00:02]} a1=Q {[%emt 0:00:01]} 58. Kd5 {[%emt 0:00:02]}
Qe1 {[%emt 0:00:04]} 59. Kd4 {[%emt 0:00:02]} Qe6 {[%emt 0:00:02]} 60. Kc5 {
[%emt 0:00:02]} Qd7 {[%emt 0:00:03]} 61. Kc4 {[%emt 0:00:02]} Kc2 {[%emt 0:00:
05]} 62. Kc5 {[%emt 0:00:02]} Kc3 {[%emt 0:00:04]} 63. Kb6 {[%emt 0:00:02]} Qc8
{[%emt 0:00:03]} 64. Kb5 {[%emt 0:00:01]} Qc4+ {[%emt 0:00:02]} 65. Kb6 { [%emt
0:00:02]} Kb4 {[%emt 0:00:03]} 66. Kb7 {[%emt 0:00:02]} Qc5 {[%emt 0:00: 07]}
67. Kb8 {[%emt 0:00:03]} Qe7 {[%emt 0:00:07]} 68. Kc8 {[%emt 0:00:02]} Kb5
{[%emt 0:00:03]} 69. Kb8 {[%emt 0:00:01]} Qd7 {[%emt 0:00:02]} 70. Ka8 { [%emt
0:00:02]} Kb6 {[%emt 0:00:01]} 71. Kb8 {[%emt 0:00:02]} Qb7# {[%emt 0:00: 01]}
0-1

[Event "DSJ Weihnachtsturnier U20w 2020"]
[Site "https://play.chessbase.com/en/play?room=DSJWeihnachtU20w"]
[Date "2020.12.29"]
[Round "3"]
[White "Schülke, Rosalie"]
[Black "Muhina, Liana"]
[Result "0-1"]
[Termination "normal"]
[Board "7.3"]
[WhiteElo "1407"]
[BlackElo "1273"]
[WhiteTeam "SC Weisse Dame"]
[BlackTeam "SC Garching 1980"]
[PlyCount "46"]
[WhiteFideId "16287436"]
[BlackFideId "16266145"]
[EventRounds "7"]
[EventType "team-swiss"]
[EventDate "2020.12.29"]

1. e4 {[%emt 0:00:04]} d5 {[%emt 0:00:02]} 2. exd5 {[%emt 0:00:02]} Qxd5 {
[%emt 0:00:03]} 3. Nc3 {[%emt 0:00:01]} Qa5 {[%emt 0:00:02]} 4. d4 {[%emt 0:00:
02]} Nf6 {[%emt 0:00:03]} 5. Bc4 {[%emt 0:00:02]} c6 {[%emt 0:00:02]} 6. Nf3 {
[%emt 0:00:03]} Bg4 {[%emt 0:00:04]} 7. Be3 {[%emt 0:00:08]} e6 {[%emt 0:00:06]
} 8. a3 {[%emt 0:00:04]} Bd6 {[%emt 0:00:04]} 9. h3 {[%emt 0:00:18]} Qh5 {
[%emt 0:00:50]} 10. Qe2 {[%emt 0:00:25]} Bxf3 {[%emt 0:00:12]} 11. gxf3 { [%emt
0:00:21]} Nbd7 {[%emt 0:00:13]} 12. O-O-O {[%emt 0:00:03]} Nb6 {[%emt 0:
00:35]} 13. Ba2 {[%emt 0:00:22]} O-O-O {[%emt 0:00:16]} 14. Rhg1 {[%emt 0:00:
25]} Rhg8 {[%emt 0:00:09]} 15. Qf1 {[%emt 0:00:28]} Qxf3 {[%emt 0:00:48]} 16.
Qg2 {[%emt 0:00:26]} Qh5 {[%emt 0:00:35]} 17. Ne2 {[%emt 0:00:28]} Qxe2 { [%emt
0:00:13]} 18. Rd2 {[%emt 0:00:38]} Qb5 {[%emt 0:00:15]} 19. Bg5 {[%emt 0:
00:53]} Be7 {[%emt 0:00:49]} 20. Bxf6 {[%emt 0:00:33]} Bxf6 {[%emt 0:00:09]}
21. Qg4 {[%emt 0:00:24]} h6 {[%emt 0:00:25]} 22. Kb1 {[%emt 0:00:19]} Na4 {
[%emt 0:00:11]} 23. Rd3 {[%emt 0:00:18]} Qxb2# {[%emt 0:00:15]} 0-1

[Event "DSJ Weihnachtsturnier U20w 2020"]
[Site "https://play.chessbase.com/en/play?room=DSJWeihnachtU20w"]
[Date "2020.12.29"]
[Round "3"]
[White "Muhina, Alina"]
[Black "Reddi, Bhuvana"]
[Result "1/2-1/2"]
[Termination "normal"]
[Board "7.4"]
[WhiteElo "1286"]
[BlackElo "1359"]
[WhiteTeam "SC Garching 1980"]
[BlackTeam "SC Weisse Dame"]
[PlyCount "65"]
[WhiteFideId "16298322"]
[BlackFideId "16287002"]
[EventRounds "7"]
[EventType "team-swiss"]
[EventDate "2020.12.29"]

1. c4 {[%emt 0:00:00] WeisseD2-004 reconnected.} d6 {[%emt 0:00:44]} 2. Nc3 {
[%emt 0:00:07]} Nf6 {[%emt 0:00:04]} 3. g3 {[%emt 0:00:03]} g6 {[%emt 0:00:04]}
4. Bg2 {[%emt 0:00:05]} Bg7 {[%emt 0:00:05]} 5. e3 {[%emt 0:00:05]} O-O { [%emt
0:00:04]} 6. Nge2 {[%emt 0:00:02]} c5 {[%emt 0:00:07]} 7. O-O {[%emt 0: 00:03]}
Bf5 {[%emt 0:00:07]} 8. b3 {[%emt 0:00:10]} Nc6 {[%emt 0:00:08]} 9. Bb2 {[%emt
0:00:02]} Rb8 {[%emt 0:00:18]} 10. d4 {[%emt 0:00:02]} cxd4 {[%emt 0:00: 21]}
11. exd4 {[%emt 0:00:08]} Ng4 {[%emt 0:00:23]} 12. Nb5 {[%emt 0:00:53]} a6
{[%emt 0:00:22]} 13. Na3 {[%emt 0:00:06]} e6 {[%emt 0:00:41]} 14. h3 {[%emt 0:
00:25]} Nf6 {[%emt 0:00:06]} 15. g4 {[%emt 0:00:11]} Nxg4 {[%emt 0:00:16]} 16.
hxg4 {[%emt 0:00:03]} Bxg4 {[%emt 0:00:02]} 17. f3 {[%emt 0:00:03]} Bf5 { [%emt
0:00:22]} 18. Kf2 {[%emt 0:00:05]} Qh4+ {[%emt 0:00:10]} 19. Ng3 { [%emt
0:00:03]} Nxd4 {[%emt 0:00:24]} 20. Rh1 {[%emt 0:00:11]} Qf4 {[%emt 0:00: 29]}
21. Ne2 {[%emt 0:00:20]} Nxe2 {[%emt 0:00:15]} 22. Qxe2 {[%emt 0:00:03]} Bxb2
{[%emt 0:00:24]} 23. Qxb2 {[%emt 0:00:03]} d5 {[%emt 0:00:06]} 24. Rag1 { [%emt
0:01:05]} d4 {[%emt 0:00:13]} 25. Bf1 {[%emt 0:00:17]} Qe3+ {[%emt 0:00: 11]}
26. Kg3 {[%emt 0:00:03]} Qe5+ {[%emt 0:00:07]} 27. Kf2 {[%emt 0:00:03]} Qe3+
{[%emt 0:00:10]} 28. Kg3 {[%emt 0:00:04]} e5 {[%emt 0:00:18]} 29. Qh2 { [%emt
0:00:11]} Qf4+ {[%emt 0:00:13]} 30. Kf2 {[%emt 0:00:03] Garchin1-004 offers a
draw} Qe3+ {[%emt 0:00:33]} 31. Kg3 {[%emt 0:00:07]} Qf4+ {[%emt 0:00: 05]} 32.
Kf2 {[%emt 0:00:02]} Qe3+ {[%emt 0:00:02]} 33. Kg3 {[%emt 0:00:02]} 1/2-1/2

[Event "DSJ Weihnachtsturnier U20w 2020"]
[Site "https://play.chessbase.com/en/play?room=DSJWeihnachtU20w"]
[Date "2020.12.29"]
[Round "3"]
[White "Ruckes, Lilly"]
[Black "Oswald, Lena"]
[Result "0-1"]
[Termination "normal"]
[Board "8.1"]
[WhiteElo "845"]
[BlackElo "1768"]
[WhiteTeam "Schachzwerge Magdeburg 2"]
[BlackTeam "Schachgemeinschaft Leipzig"]
[PlyCount "54"]
[WhiteFideId "34600825"]
[BlackFideId "12983314"]
[EventRounds "7"]
[EventType "team-swiss"]
[EventDate "2020.12.29"]

1. e4 {[%emt 0:00:04]} c5 {[%emt 0:00:02]} 2. Bb5 {[%emt 0:00:25]} Nc6 { [%emt
0:00:05]} 3. d3 {[%emt 0:00:07]} g6 {[%emt 0:00:05]} 4. Nf3 {[%emt 0:00: 15]}
Bg7 {[%emt 0:00:13]} 5. O-O {[%emt 0:00:20]} e6 {[%emt 0:00:15]} 6. Bg5 { [%emt
0:00:10]} Nge7 {[%emt 0:00:04]} 7. d4 {[%emt 0:00:32]} cxd4 {[%emt 0:00: 07]}
8. Nxd4 {[%emt 0:00:09]} Nxd4 {[%emt 0:00:06]} 9. Qxd4 {[%emt 0:00:04]} Bxd4
{[%emt 0:00:03]} 10. Nd2 {[%emt 0:00:14]} O-O {[%emt 0:00:11]} 11. Rad1 { [%emt
0:00:22]} Bg7 {[%emt 0:00:12]} 12. Nf3 {[%emt 0:00:14]} a6 {[%emt 0:00: 08]}
13. Bc4 {[%emt 0:00:09]} b5 {[%emt 0:00:08]} 14. Bd5 {[%emt 0:00:10]} exd5
{[%emt 0:00:05]} 15. exd5 {[%emt 0:00:04]} f6 {[%emt 0:00:06]} 16. d6 {[%emt 0:
00:08]} fxg5 {[%emt 0:00:07]} 17. dxe7 {[%emt 0:00:02]} Qxe7 {[%emt 0:00:07]}
18. Rfe1 {[%emt 0:00:07]} Qf6 {[%emt 0:00:29]} 19. b3 {[%emt 0:00:56]} Bb7 {
[%emt 0:00:22]} 20. Rxd7 {[%emt 0:00:28]} Bxf3 {[%emt 0:00:13]} 21. gxf3 {
[%emt 0:00:07]} Qxf3 {[%emt 0:00:20]} 22. h3 {[%emt 0:00:20]} Qxf2+ {[%emt 0:
00:05]} 23. Kh1 {[%emt 0:00:06]} Qxe1+ {[%emt 0:00:02]} 24. Kh2 {[%emt 0:00:02]
} Rf2+ {[%emt 0:00:07]} 25. Kg3 {[%emt 0:00:03]} Qe3+ {[%emt 0:00:03]} 26. Kg4
{[%emt 0:00:03]} Rf4+ {[%emt 0:00:03]} 27. Kxg5 {[%emt 0:00:02]} Qe5# {[%emt 0:
00:02]} 0-1

[Event "DSJ Weihnachtsturnier U20w 2020"]
[Site "https://play.chessbase.com/en/play?room=DSJWeihnachtU20w"]
[Date "2020.12.29"]
[Round "3"]
[White "Oswald, Hannah"]
[Black "Lahne, Paula"]
[Result "1-0"]
[Termination "normal"]
[Board "8.2"]
[WhiteElo "1675"]
[BlackElo "816"]
[WhiteTeam "Schachgemeinschaft Leipzig"]
[BlackTeam "Schachzwerge Magdeburg 2"]
[PlyCount "53"]
[WhiteFideId "16214960"]
[BlackFideId "34639730"]
[EventRounds "7"]
[EventType "team-swiss"]
[EventDate "2020.12.29"]

1. e4 {[%emt 0:00:07] Restarted B (13.22em) Restarted W (13.22e) OK OK} e5 {
[%emt 0:00:03]} 2. Nf3 {[%emt 0:00:03]} Nf6 {[%emt 0:00:02]} 3. Nc3 {[%emt 0:
00:06]} Nc6 {[%emt 0:00:04]} 4. d4 {[%emt 0:00:03]} exd4 {[%emt 0:00:04]} 5.
Nxd4 {[%emt 0:00:02]} Nxd4 {[%emt 0:00:05]} 6. Qxd4 {[%emt 0:00:06]} d6 { [%emt
0:00:06]} 7. Bc4 {[%emt 0:00:03]} Be7 {[%emt 0:00:07]} 8. O-O {[%emt 0: 00:04]}
O-O {[%emt 0:00:04]} 9. f4 {[%emt 0:00:15]} c5 {[%emt 0:00:09]} 10. Qe3 {[%emt
0:00:11]} d5 {[%emt 0:00:07]} 11. exd5 {[%emt 0:00:10]} b5 {[%emt 0:00: 25]}
12. Bxb5 {[%emt 0:00:13]} c4 {[%emt 0:00:02]} 13. Bxc4 {[%emt 0:00:05]} Qc7
{[%emt 0:00:03]} 14. Qd3 {[%emt 0:00:24]} Bc5+ {[%emt 0:00:05]} 15. Kh1 { [%emt
0:00:04]} Ng4 {[%emt 0:00:20]} 16. Ne4 {[%emt 0:00:16]} Bb6 {[%emt 0:00: 09]}
17. d6 {[%emt 0:00:12]} Qc6 {[%emt 0:00:13]} 18. Bd5 {[%emt 0:00:07]} Qa4
{[%emt 0:00:11]} 19. Bxa8 {[%emt 0:00:17]} Qxe4 {[%emt 0:00:11]} 20. Bxe4 {
[%emt 0:00:09]} Bg1 {[%emt 0:00:05]} 21. Kxg1 {[%emt 0:00:09]} Rd8 {[%emt 0:00:
25]} 22. Bxh7+ {[%emt 0:00:08]} Kh8 {[%emt 0:00:05]} 23. Rf3 {[%emt 0:00:17]}
Bb7 {[%emt 0:00:16]} 24. Rh3 {[%emt 0:00:05]} Re8 {[%emt 0:00:34]} 25. Bg8+ {
[%emt 0:00:19]} Kxg8 {[%emt 0:00:04]} 26. Qh7+ {[%emt 0:00:04]} Kf8 {[%emt 0:
00:03]} 27. Qh8# {[%emt 0:00:02]} 1-0

[Event "DSJ Weihnachtsturnier U20w 2020"]
[Site "https://play.chessbase.com/en/play?room=DSJWeihnachtU20w"]
[Date "2020.12.29"]
[Round "3"]
[White "Bobkova, Mariya"]
[Black "Schulz, Hannah"]
[Result "0-1"]
[Termination "normal"]
[Board "9.2"]
[WhiteElo "842"]
[BlackElo "1539"]
[WhiteTeam "SC Garching 1980 2"]
[BlackTeam "Karlsruher SF 1853"]
[PlyCount "80"]
[BlackFideId "16244745"]
[EventRounds "7"]
[EventType "team-swiss"]
[EventDate "2020.12.29"]

1. e4 {[%emt 0:00:04]} c6 {[%emt 0:00:11]} 2. Bc4 {[%emt 0:00:12]} d5 {[%emt 0:
00:00]} 3. exd5 {[%emt 0:00:03]} cxd5 {[%emt 0:00:01]} 4. Bb5+ {[%emt 0:00:01]}
Nc6 {[%emt 0:00:03]} 5. Nf3 {[%emt 0:00:04]} Nf6 {[%emt 0:00:08]} 6. O-O {
[%emt 0:00:02]} g6 {[%emt 0:00:03]} 7. d4 {[%emt 0:00:04]} Bg7 {[%emt 0:00:03]}
8. Bf4 {[%emt 0:00:13]} O-O {[%emt 0:00:04]} 9. Bxc6 {[%emt 0:00:14]} bxc6 {
[%emt 0:00:03]} 10. Nc3 {[%emt 0:00:04]} Qb6 {[%emt 0:00:04]} 11. Re1 {[%emt 0:
00:04]} Qxb2 {[%emt 0:00:12]} 12. Rb1 {[%emt 0:00:03]} Qxc3 {[%emt 0:00:11]}
13. Rxe7 {[%emt 0:00:05]} Bf5 {[%emt 0:00:05]} 14. Re3 {[%emt 0:00:16]} Qxc2 {
[%emt 0:00:09]} 15. Be5 {[%emt 0:00:28]} Qxb1 {[%emt 0:00:09]} 16. Qxb1 { [%emt
0:00:26]} Bxb1 {[%emt 0:00:03]} 17. h3 {[%emt 0:00:03]} Bxa2 {[%emt 0:00: 03]}
18. Ng5 {[%emt 0:00:21]} a5 {[%emt 0:00:13]} 19. Rf3 {[%emt 0:00:05]} Ne4
{[%emt 0:00:05]} 20. Ra3 {[%emt 0:01:04]} Nxg5 {[%emt 0:00:07]} 21. Bxg7 {
[%emt 0:00:07]} Kxg7 {[%emt 0:00:04]} 22. Rxa2 {[%emt 0:00:00]} Ne4 {[%emt 0:
00:01]} 23. f3 {[%emt 0:00:03]} Nc3 {[%emt 0:00:01]} 24. Rc2 {[%emt 0:00:03]}
a4 {[%emt 0:00:01]} 25. Rxc3 {[%emt 0:00:03]} a3 {[%emt 0:00:01]} 26. Rc1 {
[%emt 0:00:14]} a2 {[%emt 0:00:01]} 27. Ra1 {[%emt 0:00:02]} Rfb8 {[%emt 0:00:
01]} 28. Kh2 {[%emt 0:00:10]} Rb1 {[%emt 0:00:05]} 29. Rxa2 {[%emt 0:00:00]}
Rxa2 {[%emt 0:00:02]} 30. h4 {[%emt 0:00:04]} Rbb2 {[%emt 0:00:02]} 31. Kg3 {
[%emt 0:00:02]} Rxg2+ {[%emt 0:00:02]} 32. Kf4 {[%emt 0:00:06]} Ra3 {[%emt 0:
00:01]} 33. Ke5 {[%emt 0:00:05]} Rxf3 {[%emt 0:00:03]} 34. Kd6 {[%emt 0:00:06]}
Rf6+ {[%emt 0:00:02]} 35. Kc5 {[%emt 0:00:02]} Rc2+ {[%emt 0:00:04]} 36. Kb6 {
[%emt 0:00:03]} c5+ {[%emt 0:00:02]} 37. Kb5 {[%emt 0:00:11]} cxd4 {[%emt 0:00:
02]} 38. Kb4 {[%emt 0:00:04]} Rb6+ {[%emt 0:00:02]} 39. Ka3 {[%emt 0:00:03]}
Rcb2 {[%emt 0:00:01]} 40. Ka4 {[%emt 0:00:11]} Ra6# {[%emt 0:00:02]} 0-1